UBT Library

The Book of health / (Record no. 42097)

000 -LEADER
fixed length control field 00672cam a2200217 a 4500
001 - CONTROL NUMBER
control field 898206
005 - DATE AND TIME OF LATEST TRANSACTION
control field 20180208042040.0
008 - FIXED-LENGTH DATA ELEMENTS--GENERAL INFORMATION
fixed length control field 810528s1981 nyua b 001 0 eng
010 ## - LIBRARY OF CONGRESS CONTROL NUMBER
LC control number 81010325
020 ## - INTERNATIONAL STANDARD BOOK NUMBER
International Standard Book Number 0531099296
040 ## - CATALOGING SOURCE
Original cataloging agency DLC
Transcribing agency DLC
Modifying agency DLC
041 ## - LANGUAGE CODE
Language code of text/sound track or separate title eng
080 ## - UNIVERSAL DECIMAL CLASSIFICATION NUMBER
Universal Decimal Classification number 613 WYN
082 00 - DEWEY DECIMAL CLASSIFICATION NUMBER
Classification number 613 WYN
Edition number 19
100 ## - Rafti
Rafti 10
101 ## - Shkurtesa
Shkurtesa NUT
245 04 - TITLE STATEMENT
Title The Book of health /
Statement of responsibility, etc The American Health Foundation ; editor in chief, Ernst L. Wynder ; special editor, Sidney Hertzberg ; associate editor, Ellen Parker.
504 ## - BIBLIOGRAPHY, ETC. NOTE
Bibliography, etc Includes bibliographical references and index.
906 ## - LOCAL DATA ELEMENT F, LDF (RLIN)
a 7
b cbc
c orignew
d 1
e ocip
f 19
g y-gencatlg
942 ## - ADDED ENTRY ELEMENTS (KOHA)
Source of classification or shelving scheme
Item type Books
Holdings
Withdrawn status Lost status Source of classification or shelving scheme Damaged status Not for loan Collection code Permanent location Current location Shelving location Date acquired Total Checkouts Full call number Barcode Date last seen Price effective from Koha item type
          Koleksioni i përgjithshem UBT - Lipjan UBT - Lipjan Koleksioni i përgjithshem 02/08/2018   613 WYN 002-2998916 02/08/2018 02/08/2018 Books
UBT Library © 2015-2024. All rights reserved University Education for Business and Technology